[Event "13MCR_F"]
[Site "?"]
[Date "1999.??.??"]
[Round "?"]
[White "Kostal, Jindrich"]
[Black "Hybl, Vladislav"]
[Result "1/2-1/2"]
[WhiteElo "2280"]
[BlackElo "2200"]
[PlyCount "100"]
[EventDate "1999.??.??"]
[EventType "corr"]
[Source "Chess Mail Ltd"]
[SourceDate "2005.07.27"]

1. e4 e5 2. Nf3 Nc6 3. Bb5 a6 4. Ba4 Nf6 5. O-O Be7 6. Re1 b5 7. Bb3 O-O 8. c3
d6 9. h3 Bb7 10. d4 Re8 11. a4 Bf8 12. d5 Na5 13. Ba2 c6 14. Na3 cxd5 15. exd5
Qd7 16. axb5 axb5 17. Bg5 Be7 18. b4 Nc4 19. Nxc4 bxc4 20. Bxf6 Bxf6 21. Bxc4
Rxa1 22. Qxa1 e4 23. Nd2 Qf5 24. Qa4 Kf8 25. Qc2 Bxd5 26. Bxd5 Qxd5 27. Rxe4
Rxe4 28. Nxe4 Be5 29. c4 Qd4 30. g3 d5 31. cxd5 Qxd5 32. Nc5 Bd4 33. Qxh7 g6
34. Qh6+ Kg8 35. Qf4 Bxc5 36. bxc5 Qxc5 37. Qf6 Qd5 38. h4 Qd1+ 39. Kg2 Qe2 40.
Kh3 Qf1+ 41. Kh2 Qe2 42. Qd4 f5 43. Qe3 Qc2 44. Qe6+ Kg7 45. Kg2 Qc5 46. Qe3
Qxe3 47. fxe3 g5 48. Kf2 Kg6 49. Ke2 Kh5 50. Kf3 Kg6 1/2-1/2

[Event "13MCR_F"]
[Site "?"]
[Date "1999.??.??"]
[Round "?"]
[White "Milos, Vladislav"]
[Black "Hybl, Vladislav"]
[Result "0-1"]
[WhiteElo "2270"]
[BlackElo "2200"]
[PlyCount "120"]
[EventDate "1999.??.??"]
[EventType "corr"]
[Source "Chess Mail Ltd"]
[SourceDate "2005.07.27"]

1. e4 e5 2. Nf3 Nc6 3. Bb5 a6 4. Ba4 Nf6 5. O-O Be7 6. Re1 b5 7. Bb3 O-O 8. c3
d6 9. h3 Bb7 10. d4 Re8 11. Nbd2 Bf8 12. a4 h6 13. Bc2 exd4 14. cxd4 Nb4 15.
Bb1 c5 16. d5 Nd7 17. Ra3 f5 18. Rae3 fxe4 19. Rxe4 Rxe4 20. Nxe4 Nxd5 21. Qe2
Nc7 22. Qc2 Bxe4 23. Qxe4 Nf6 24. Qg6 Qd7 25. Bxh6 Qf7 26. Qxf7+ Kxf7 27. Bf4
Be7 28. Ng5+ Kf8 29. a5 Nfd5 30. Bd2 Bxg5 31. Bxg5 Re8 32. Rd1 c4 33. Bc1 Ke7
34. Be4 Kd7 35. f3 Ne7 36. Bd2 d5 37. Bc3 Kc6 38. Bb1 Ne6 39. Kf2 Kc5 40. Re1
Nc6 41. Bf5 d4 42. Bxe6 dxc3 43. bxc3 Nxa5 44. Re2 Nb3 45. f4 Nc1 46. Re5+ Kd6
47. Bxc4 Rxe5 48. fxe5+ Kxe5 49. Bf7 Nd3+ 50. Ke3 Nf4 51. c4 b4 52. c5 a5 53.
c6 Ne6 54. Kd3 Kd6 55. Kc4 Nd8 56. Bh5 Nxc6 57. Bd1 Ne5+ 58. Kd4 Nd7 59. Kc4
Nc5 60. Bc2 b3 0-1

[Event "13MCR_F"]
[Site "?"]
[Date "1999.??.??"]
[Round "?"]
[White "Milos, Vladislav"]
[Black "Kostal, Jindrich"]
[Result "0-1"]
[WhiteElo "2270"]
[BlackElo "2280"]
[PlyCount "80"]
[EventDate "1999.??.??"]
[EventType "corr"]
[Source "Chess Mail Ltd"]
[SourceDate "2005.07.27"]

1. e4 e5 2. Nf3 Nc6 3. Bb5 a6 4. Ba4 Nf6 5. O-O Be7 6. Re1 b5 7. Bb3 d6 8. c3
O-O 9. h3 Nb8 10. d4 Nbd7 11. Nbd2 Bb7 12. Bc2 c5 13. b3 Re8 14. d5 g6 15. a4
Rb8 16. b4 Qc7 17. Bb2 Ra8 18. bxc5 Nxc5 19. axb5 axb5 20. Qe2 Reb8 21. Ba3 Na4
22. c4 Bc8 23. Rec1 b4 24. Bxa4 Rxa4 25. Bb2 Rxa1 26. Rxa1 Nd7 27. Nb3 Rb6 28.
Na5 Nc5 29. Nc6 Bf8 30. Qe3 Bb7 31. Na5 Ra6 32. Nxb7 Rxa1+ 33. Bxa1 Qxb7 34.
Qc1 Qa6 35. Bb2 Nd3 36. Qc2 Nxb2 37. Qxb2 Qxc4 38. Nd2 Qe2 39. Qc1 Bh6 40. Qc8+
Kg7 0-1

[Event "13MCR_F"]
[Site "?"]
[Date "1999.??.??"]
[Round "?"]
[White "Kostal, Jindrich"]
[Black "Jirku, Jaroslav"]
[Result "1/2-1/2"]
[WhiteElo "2280"]
[BlackElo "2230"]
[PlyCount "84"]
[EventDate "1999.??.??"]
[EventType "corr"]
[Source "Chess Mail Ltd"]
[SourceDate "2005.07.27"]

1. e4 e5 2. Nf3 Nc6 3. Bb5 a6 4. Ba4 Nf6 5. O-O Be7 6. Re1 b5 7. Bb3 d6 8. c3
O-O 9. h3 Na5 10. Bc2 c5 11. d4 Qc7 12. Nbd2 cxd4 13. cxd4 Bb7 14. d5 Bc8 15.
b4 Nc4 16. Nxc4 Qxc4 17. Rb1 Bd7 18. Bd3 Qc7 19. Bd2 Qb7 20. Rc1 Rfc8 21. Qb3
Bd8 22. Rxc8 Rxc8 23. Rc1 Bb6 24. Rxc8+ Qxc8 25. Qc2 h6 26. Nh2 Qxc2 27. Bxc2
g5 28. g4 Kf8 29. Kg2 Ke7 30. Nf1 Bd4 31. Ng3 Nh7 32. f3 Nf8 33. Nf5+ Bxf5 34.
gxf5 Nd7 35. h4 f6 36. h5 Nb6 37. Kf1 Kd7 38. Ke2 Nc4 39. Bc1 Ne3 40. Bb3 Ng2
41. Bd2 Nf4+ 42. Bxf4 gxf4 1/2-1/2

[Event "13MCR_F"]
[Site "?"]
[Date "1999.??.??"]
[Round "?"]
[White "Milos, Vladislav"]
[Black "Jirku, Jaroslav"]
[Result "1/2-1/2"]
[WhiteElo "2270"]
[BlackElo "2230"]
[PlyCount "81"]
[EventDate "1999.??.??"]
[EventType "corr"]
[Source "Chess Mail Ltd"]
[SourceDate "2005.07.27"]

1. e4 e5 2. Nf3 Nc6 3. Bb5 a6 4. Ba4 Nf6 5. O-O Be7 6. Re1 b5 7. Bb3 d6 8. c3
O-O 9. h3 Na5 10. Bc2 c5 11. d4 Qc7 12. Nbd2 cxd4 13. cxd4 Bb7 14. Nf1 Rac8 15.
Re2 Nd7 16. Ng3 Rfe8 17. a4 b4 18. Nf5 Bf8 19. d5 Rb8 20. Bd2 Bc8 21. b3 Nc5
22. Ng3 Bd7 23. Be3 Rec8 24. Rc1 Qb7 25. Nh4 g6 26. f4 Bh6 27. fxe5 Bxe3+ 28.
Rxe3 Qb6 29. Kh1 Nxa4 30. Rf3 Nc3 31. Qd2 Qd8 32. Qh6 Qf8 33. Qxf8+ Kxf8 34.
Ra1 Nb7 35. e6 Be8 36. Rxa6 Nxd5 37. exf7 Bb5 38. Ra7 Ne7 39. Rf2 Nc6 40. Ra2
Nd4 41. Nf3 1/2-1/2

[Event "13MCR_F"]
[Site "?"]
[Date "1999.??.??"]
[Round "?"]
[White "Vavrla, Zdenek"]
[Black "Viktora, Zdenek"]
[Result "1/2-1/2"]
[WhiteElo "2480"]
[BlackElo "2300"]
[PlyCount "112"]
[EventDate "1999.??.??"]
[EventType "corr"]
[Source "Chess Mail Ltd"]
[SourceDate "2005.07.27"]

1. d4 d5 2. c4 c6 3. Nf3 Bf5 4. cxd5 cxd5 5. Qb3 Qc8 6. Nc3 Nc6 7. Nxd5 e6 8.
Ne3 Be4 9. d5 exd5 10. Nxd5 Bxd5 11. Qxd5 Nf6 12. Qb3 Bb4+ 13. Bd2 Bxd2+ 14.
Nxd2 O-O 15. e3 Qc7 16. Be2 Rad8 17. Rd1 Rfe8 18. a3 a6 19. Qc2 Rc8 20. Nb1 b5
21. Nc3 Ne5 22. Rd4 Nc6 23. Rh4 Re5 24. O-O Rc5 25. Rd1 h6 26. Rf4 Rd8 27.
Rxd8+ Nxd8 28. Rd4 Ne6 29. Rd1 Nd5 30. Rd3 b4 31. Bf3 bxc3 32. Rxd5 cxb2 33.
Rxc5 Nxc5 34. Qxb2 Na4 35. Qd2 Nc3 36. g3 Nb5 37. Be2 g6 38. Qd5 Qc1+ 39. Kg2
Qxa3 40. Qa8+ Qf8 41. Qxa6 Nd6 42. h4 Qe7 43. Bf3 Qe5 44. Qd3 Kg7 45. Qd1 Nb5
46. h5 g5 47. Qd2 Nd6 48. Qd3 Kf8 49. Qa6 Kg7 50. Qa4 Kf6 51. g4 Qc3 52. Bd5
Ke7 53. Qa7+ Kf8 54. Qd7 Qe5 55. Bb3 Qe4+ 56. Kf1 Qb1+ 1/2-1/2

[Event "13MCR_F"]
[Site "?"]
[Date "1999.??.??"]
[Round "?"]
[White "Svoboda, Frantisek"]
[Black "Viktora, Zdenek"]
[Result "1-0"]
[WhiteElo "2445"]
[BlackElo "2300"]
[PlyCount "83"]
[EventDate "1999.??.??"]
[EventType "corr"]
[Source "Chess Mail Ltd"]
[SourceDate "2005.07.27"]

1. d4 d5 2. c4 c6 3. Nf3 Nf6 4. Nc3 dxc4 5. a4 Bf5 6. e3 Na6 7. Bxc4 Nb4 8. O-O
e6 9. Qe2 Bg4 10. Rd1 Be7 11. e4 O-O 12. Bf4 Bh5 13. Rac1 Qb6 14. h3 Rfd8 15.
Be3 Qa5 16. g4 Nxg4 17. hxg4 Bxg4 18. Kg2 Bf6 19. e5 Be7 20. Bb3 Bf5 21. Ng5 h6
22. Nge4 Nd5 23. Bxd5 exd5 24. Ng3 Bg6 25. Qg4 Qb4 26. Rd2 Kh8 27. f4 Bh7 28.
f5 Rg8 29. Qh5 f6 30. e6 Rge8 31. Rh1 Bf8 32. Kf3 Rec8 33. Qg4 Qe7 34. Nh5 Rc7
35. Bf4 Rcc8 36. Rdh2 Rc7 37. Bxc7 Qxc7 38. Rg2 a5 39. Nf4 Re8 40. Qh5 Ra8 41.
Ng6+ Kg8 42. Rhg1 1-0

[Event "13MCR_F"]
[Site "?"]
[Date "1999.??.??"]
[Round "?"]
[White "Hlavacek, Robert"]
[Black "Viktora, Zdenek"]
[Result "1/2-1/2"]
[WhiteElo "2250"]
[BlackElo "2300"]
[PlyCount "65"]
[EventDate "1999.??.??"]
[EventType "corr"]
[Source "Chess Mail Ltd"]
[SourceDate "2005.07.27"]

1. d4 d5 2. c4 c6 3. Nf3 Nf6 4. Nc3 dxc4 5. a4 Bf5 6. e3 e6 7. Bxc4 Bd6 8. O-O
O-O 9. Qe2 Ne4 10. Bd3 Nxc3 11. bxc3 Bxd3 12. Qxd3 Nd7 13. e4 e5 14. Rd1 Qc7
15. Bg5 f6 16. Be3 Rfd8 17. Rd2 exd4 18. cxd4 Kh8 19. Rb2 Rab8 20. g3 Qa5 21.
Bd2 Qh5 22. Rab1 b6 23. Kg2 c5 24. d5 Re8 25. Bc3 c4 26. Qc2 Nc5 27. Nd2 Qe2
28. Bb4 Bf8 29. Bxc5 Bxc5 30. Nxc4 Qxe4+ 31. Qxe4 Rxe4 32. Rc2 Kg8 33. a5
1/2-1/2

[Event "13MCR_F"]
[Site "?"]
[Date "1999.??.??"]
[Round "?"]
[White "Sykora, Josef"]
[Black "Milos, Vladislav"]
[Result "1/2-1/2"]
[WhiteElo "2335"]
[BlackElo "2270"]
[PlyCount "62"]
[EventDate "1999.??.??"]
[EventType "corr"]
[Source "Chess Mail Ltd"]
[SourceDate "2005.07.27"]

1. d4 Nf6 2. Nf3 d5 3. c4 dxc4 4. e3 e6 5. Bxc4 c5 6. O-O a6 7. Qe2 b5 8. Bb3
Bb7 9. a4 b4 10. Rd1 Nbd7 11. Nbd2 Qc7 12. Nc4 Be7 13. Bd2 O-O 14. a5 Bd5 15.
Rdc1 Qb7 16. dxc5 Nxc5 17. Bc2 Nfd7 18. Be1 f5 19. Bd1 Rf6 20. g3 Rc8 21. Nfe5
Rff8 22. Nxd7 Nxd7 23. Qf1 Rc6 24. Bd2 Rfc8 25. Be2 R8c7 26. Nb6 Nxb6 27. Rxc6
Qxc6 28. axb6 Qxb6 29. Rxa6 Qc5 30. Ra1 Qd6 31. Rc1 Rxc1 1/2-1/2

[Event "13MCR_F"]
[Site "?"]
[Date "1999.??.??"]
[Round "?"]
[White "Vavrla, Zdenek"]
[Black "Hlavacek, Robert"]
[Result "1/2-1/2"]
[WhiteElo "2480"]
[BlackElo "2250"]
[PlyCount "52"]
[EventDate "1999.??.??"]
[EventType "corr"]
[Source "Chess Mail Ltd"]
[SourceDate "2005.07.27"]

1. d4 d5 2. c4 e6 3. Nf3 c6 4. Qc2 Nf6 5. Bg5 Nbd7 6. e3 Qa5+ 7. Nbd2 Ne4 8.
Bf4 Bb4 9. a3 e5 10. dxe5 g5 11. Bg3 Ndc5 12. O-O-O Bf5 13. Nxe4 Bxe4 14. axb4
Qa2 15. bxc5 Bxc2 16. Kxc2 dxc4 17. Nd4 Qa4+ 18. b3 cxb3+ 19. Nxb3 O-O 20. Ra1
Qe4+ 21. Bd3 Qxg2 22. h4 g4 23. e4 Rfd8 24. Nd2 Rxd3 25. Kxd3 Rd8+ 26. Ke3 Rxd2
1/2-1/2

[Event "13MCR_F"]
[Site "?"]
[Date "1999.??.??"]
[Round "?"]
[White "Viktora, Zdenek"]
[Black "Jirku, Jaroslav"]
[Result "1/2-1/2"]
[WhiteElo "2300"]
[BlackElo "2230"]
[PlyCount "125"]
[EventDate "1999.??.??"]
[EventType "corr"]
[Source "Chess Mail Ltd"]
[SourceDate "2005.07.27"]

1. c4 c5 2. e3 e6 3. Nf3 d5 4. cxd5 exd5 5. Be2 Nf6 6. d4 Nc6 7. O-O cxd4 8.
exd4 Be7 9. Nc3 O-O 10. Bf4 Bf5 11. Ne5 Rc8 12. Re1 Bb4 13. Bf3 Ne4 14. Nxe4
Bxe4 15. Re2 Nxe5 16. Bxe4 Ng6 17. Bxg6 fxg6 18. Qb3 Ba5 19. Be5 Qd7 20. Rd1
Rc4 21. Qa3 Bb6 22. b3 Rc6 23. Rde1 h6 24. h3 Rf7 25. Qb4 a5 26. Qd2 Re7 27.
Qd3 Ree6 28. Qb5 Rc7 29. Qxd7 Rxd7 30. Re3 Rc6 31. Kh2 g5 32. R1e2 Rd8 33. Rd3
Kf7 34. Rg3 Re8 35. Rf3+ Kg6 36. Rd3 Rc1 37. a3 Re6 38. a4 Bd8 39. g3 Rec6 40.
Kg2 Bb6 41. h4 Bd8 42. h5+ Kxh5 43. Bxg7 Kg6 44. Re8 Bf6 45. Bxf6 Rxf6 46. Rg8+
Kh5 47. Rd8 Rc2 48. Rf3 Rxf3 49. Kxf3 Rc3+ 50. Ke2 Rxb3 51. Rxd5 Rb4 52. Rxa5
Rxd4 53. f3 Kg6 54. g4 Rb4 55. Ra8 Kf6 56. a5 Rb5 57. Ke3 Kg7 58. Kd4 Rb3 59.
Ke4 Rb5 60. Ra7 Kf6 61. Kd4 Rb3 62. Kc4 Rb1 63. Ra8 1/2-1/2

[Event "13MCR_F"]
[Site "?"]
[Date "1999.??.??"]
[Round "?"]
[White "Viktora, Zdenek"]
[Black "Bures, Jilji"]
[Result "0-1"]
[WhiteElo "2300"]
[BlackElo "2250"]
[PlyCount "102"]
[EventDate "1999.??.??"]
[EventType "corr"]
[Source "Chess Mail Ltd"]
[SourceDate "2005.07.27"]

1. c4 e6 2. d4 d5 3. Nc3 Nf6 4. Bg5 c6 5. e3 Nbd7 6. cxd5 exd5 7. Bd3 Be7 8.
Nf3 O-O 9. Qc2 Re8 10. Bf4 Nf8 11. h3 Bd6 12. Bxd6 Qxd6 13. O-O Qe7 14. Rac1
Ne4 15. Ne5 Ng5 16. h4 Ne4 17. Nxe4 dxe4 18. Bc4 Be6 19. Bxe6 Qxe6 20. Rfd1
Rad8 21. a3 Rd5 22. b4 f6 23. Nc4 Ng6 24. g3 Qg4 25. Kf1 Qh3+ 26. Ke2 Qg4+ 27.
Kf1 Re7 28. Qe2 Qh3+ 29. Ke1 Red7 30. Qf1 Qe6 31. Qe2 f5 32. Qb2 Nh8 33. Kf1
Nf7 34. Kg1 h6 35. a4 g5 36. hxg5 hxg5 37. Kg2 f4 38. Rg1 Qg4 39. Kf1 b5 40.
axb5 cxb5 41. gxf4 Qh3+ 42. Ke1 bxc4 43. Rxc4 Kf8 44. Rc8+ Rd8 45. Rxd8+ Rxd8
46. fxg5 Qh2 47. Rf1 Rc8 48. g6 Ng5 49. Kd2 Nf3+ 50. Kd1 Qh3 51. Re1 Nxe1 0-1

[Event "13MCR_F"]
[Site "?"]
[Date "1999.??.??"]
[Round "?"]
[White "Jerabek, Petr"]
[Black "Sykora, Josef"]
[Result "1/2-1/2"]
[WhiteElo "2280"]
[BlackElo "2335"]
[PlyCount "77"]
[EventDate "1999.??.??"]
[EventType "corr"]
[Source "Chess Mail Ltd"]
[SourceDate "2005.07.27"]

1. d4 d5 2. c4 c6 3. Nf3 Nf6 4. Nc3 e6 5. Bg5 h6 6. Bxf6 Qxf6 7. e3 Nd7 8. Bd3
dxc4 9. Bxc4 g6 10. O-O Bg7 11. b4 O-O 12. a4 Qe7 13. Rb1 a5 14. b5 c5 15. b6
cxd4 16. exd4 Qd6 17. Qb3 Nf6 18. Rfe1 Bd7 19. d5 exd5 20. Nxd5 Nxd5 21. Bxd5
Bxa4 22. Bxf7+ Rxf7 23. Qxa4 Bc3 24. Re3 Bf6 25. h3 Kg7 26. Re2 Ra6 27. Rd2 Qe6
28. Nd4 Qe4 29. Rbd1 Bxd4 30. Rxd4 Qf5 31. Rd7 Rxb6 32. Rxf7+ Kxf7 33. Qc4+ Re6
34. Rd7+ Kf8 35. Rxb7 Re1+ 36. Kh2 Qxf2 37. Qc8+ Re8 38. Qc1 g5 39. Qa3+
1/2-1/2

[Event "13MCR_F"]
[Site "?"]
[Date "1999.??.??"]
[Round "?"]
[White "Jerabek, Petr"]
[Black "Hlavacek, Robert"]
[Result "0-1"]
[WhiteElo "2280"]
[BlackElo "2250"]
[PlyCount "62"]
[EventDate "1999.??.??"]
[EventType "corr"]
[Source "Chess Mail Ltd"]
[SourceDate "2005.07.27"]

1. d4 d5 2. c4 e6 3. Nc3 c6 4. Nf3 Nf6 5. Bg5 dxc4 6. e4 b5 7. e5 h6 8. Bh4 g5
9. Nxg5 hxg5 10. Bxg5 Nbd7 11. exf6 Bb7 12. g3 c5 13. d5 Nxf6 14. Bg2 Be7 15.
O-O Nxd5 16. Bxe7 Kxe7 17. Nxb5 Qb6 18. Na3 Rh4 19. gxh4 Rg8 20. Nxc4 Nf4 21.
f3 Rxg2+ 22. Kh1 Qc7 23. b3 Re2 24. Rc1 Bd5 25. Rc3 Qb8 26. Ne3 Qe5 27. Nxd5+
Nxd5 28. f4 Qe4+ 29. Rcf3 Re3 30. f5 e5 31. f6+ Ke6 0-1

[Event "13MCR_F"]
[Site "?"]
[Date "1999.??.??"]
[Round "?"]
[White "Svoboda, Frantisek"]
[Black "Hlavacek, Robert"]
[Result "1-0"]
[WhiteElo "2445"]
[BlackElo "2250"]
[PlyCount "49"]
[EventDate "1999.??.??"]
[EventType "corr"]
[Source "Chess Mail Ltd"]
[SourceDate "2005.07.27"]

1. d4 d5 2. c4 e6 3. Nc3 c6 4. Nf3 Nf6 5. Bg5 dxc4 6. e4 b5 7. e5 h6 8. Bh4 g5
9. Nxg5 hxg5 10. Bxg5 Nbd7 11. g3 Qa5 12. exf6 b4 13. Ne4 Ba6 14. Qf3 Qd5 15.
Be3 c5 16. Rd1 Rd8 17. Bg2 c3 18. Nxc5 Qxf3 19. Bxf3 Bxc5 20. dxc5 cxb2 21. Rb1
Ne5 22. Be4 Bd3 23. Bxd3 Rxd3 24. Ke2 a5 25. c6 1-0

[Event "13MCR_F"]
[Site "?"]
[Date "1999.??.??"]
[Round "?"]
[White "Sykora, Josef"]
[Black "Hlavacek, Robert"]
[Result "1-0"]
[WhiteElo "2335"]
[BlackElo "2250"]
[PlyCount "93"]
[EventDate "1999.??.??"]
[EventType "corr"]
[Source "Chess Mail Ltd"]
[SourceDate "2005.07.27"]

1. d4 d5 2. c4 e6 3. Nf3 c6 4. Nc3 Nf6 5. e3 Nbd7 6. Qc2 Bd6 7. Be2 O-O 8. O-O
Re8 9. Rd1 Qe7 10. h3 h6 11. a3 dxc4 12. Bxc4 e5 13. Nh4 Nf8 14. dxe5 Qxe5 15.
Nf3 Qe7 16. Bd3 Be6 17. Bd2 Rad8 18. Rac1 Bb8 19. Ne2 Bd5 20. Ned4 Ne4 21. Bb4
Qf6 22. a4 Nd7 23. Ba3 Ng5 24. Nxg5 Qxg5 25. Bh7+ Kh8 26. e4 Be6 27. Bf5 Ne5
28. Bc5 Bc4 29. Qc3 Ba6 30. g3 b6 31. Ba3 Qf6 32. f4 g6 33. Bg4 c5 34. Nb5 Nxg4
35. Rxd8 Rxd8 36. hxg4 Qxc3 37. Nxc3 Rd3 38. Kf2 g5 39. Nd5 Bb7 40. Rc3 Rd4 41.
Bxc5 Rxe4 42. Nf6 bxc5 43. Nxe4 Bxe4 44. Ke3 Bg2 45. Kf2 Bh1 46. Rc1 Bb7 47.
Rd1 1-0

[Event "13MCR_F"]
[Site "?"]
[Date "1999.??.??"]
[Round "?"]
[White "Sykora, Josef"]
[Black "Svoboda, Frantisek"]
[Result "1-0"]
[WhiteElo "2335"]
[BlackElo "2445"]
[PlyCount "60"]
[EventDate "1999.??.??"]
[EventType "corr"]
[Source "Chess Mail Ltd"]
[SourceDate "2005.07.27"]

1. d4 e6 2. Nf3 d5 3. c4 Nf6 4. Nc3 c6 5. e3 Nbd7 6. Qc2 Bd6 7. Be2 O-O 8. O-O
Re8 9. Rd1 Qe7 10. h3 b6 11. e4 dxe4 12. Nxe4 Nxe4 13. Qxe4 Bb7 14. Bf4 Bxf4
15. Qxf4 c5 16. Qc7 Rab8 17. dxc5 Nxc5 18. Qxe7 Rxe7 19. Rac1 e5 20. Nh4 g6 21.
Rc3 f6 22. b4 Ne6 23. Rd6 Nd4 24. Bd1 Rc7 25. a4 b5 26. Rxf6 bxa4 27. Ra3 Rxc4
28. Bxa4 Rxb4 29. Kh2 Rd8 30. g4 Rb1 1-0

[Event "13MCR_F"]
[Site "?"]
[Date "1999.??.??"]
[Round "?"]
[White "Hlavacek, Robert"]
[Black "Jirku, Jaroslav"]
[Result "1/2-1/2"]
[WhiteElo "2250"]
[BlackElo "2230"]
[PlyCount "35"]
[EventDate "1999.??.??"]
[EventType "corr"]
[Source "Chess Mail Ltd"]
[SourceDate "2005.07.27"]

1. d4 d5 2. c4 e6 3. Nc3 Nf6 4. Bg5 Be7 5. Nf3 O-O 6. Qc2 b6 7. Bxf6 Bxf6 8. e4
Nc6 9. O-O-O dxe4 10. Qxe4 Bb7 11. h4 Na5 12. Qe3 Qe7 13. Ne4 Bxe4 14. Qxe4 c5
15. d5 exd5 16. Qxe7 Bxe7 17. cxd5 Bd6 18. Kc2 1/2-1/2

[Event "13MCR_F"]
[Site "?"]
[Date "1999.??.??"]
[Round "?"]
[White "Hybl, Vladislav"]
[Black "Jirku, Jaroslav"]
[Result "1/2-1/2"]
[WhiteElo "2200"]
[BlackElo "2230"]
[PlyCount "92"]
[EventDate "1999.??.??"]
[EventType "corr"]
[Source "Chess Mail Ltd"]
[SourceDate "2005.07.27"]

1. d4 d5 2. c4 e6 3. Nc3 Nf6 4. Bg5 Be7 5. e3 O-O 6. Nf3 h6 7. Bh4 Ne4 8. Bxe7
Qxe7 9. Rc1 c6 10. Bd3 Nxc3 11. Rxc3 Nd7 12. cxd5 exd5 13. O-O Nf6 14. Ne5 Nd7
15. Nxd7 Bxd7 16. b4 Qg5 17. Qd2 Rae8 18. a4 Bg4 19. b5 cxb5 20. axb5 Re7 21.
Rfc1 Bf5 22. Bf1 Rd8 23. Qa2 a6 24. bxa6 bxa6 25. Qxa6 h5 26. Qb6 Ree8 27. Rc7
Ra8 28. Qd6 Be6 29. Bb5 Reb8 30. Ra7 Rd8 31. Rxa8 Rxa8 32. Be2 h4 33. Rb1 Kh7
34. Bd3+ g6 35. Qe5 Qxe5 36. dxe5 h3 37. Rd1 Ra4 38. f4 Ra2 39. Bf1 Ra3 40. Rd3
Ra1 41. Rd2 hxg2 42. Kxg2 Kg7 43. Kf2 Kh6 44. Bg2 Ra5 45. h4 Kg7 46. Bf3 Rc5
1/2-1/2

[Event "13MCR_F"]
[Site "?"]
[Date "1999.??.??"]
[Round "?"]
[White "Kadlec, Antonin"]
[Black "Vinklarek, Vlastimil"]
[Result "1-0"]
[WhiteElo "2320"]
[BlackElo "2225"]
[PlyCount "105"]
[EventDate "1999.??.??"]
[EventType "corr"]
[Source "Chess Mail Ltd"]
[SourceDate "2005.07.27"]

1. Nf3 d5 2. g3 Nf6 3. Bg2 g6 4. O-O Bg7 5. d4 O-O 6. c4 dxc4 7. Na3 Na6 8.
Nxc4 Be6 9. b3 Bd5 10. Bb2 c5 11. Rc1 Rc8 12. dxc5 Nxc5 13. Ne3 Bxf3 14. Bxf3
b6 15. Rc2 Nce4 16. Ba3 Qxd1 17. Rxd1 Rxc2 18. Nxc2 Rc8 19. Bxe7 Nc3 20. Rd6
Nxa2 21. Bb7 Rxc2 22. Rd8+ Bf8 23. Rxf8+ Kg7 24. Ra8 Nd7 25. Ba6 Nc1 26. Rxa7
Ra2 27. Rc7 Nxb3 28. Bb5 Ndc5 29. Bd6 Ne6 30. Be5+ Kh6 31. Rc4 Kg5 32. Rh4 h5
33. Bc4 Ra3 34. Bxe6 fxe6 35. Rb4 Na5 36. Bg7 e5 37. Rxb6 h4 38. Bxe5 hxg3 39.
hxg3 Nc4 40. Bf4+ Kf5 41. Rc6 Na5 42. Ra6 Nc4 43. Rxa3 Nxa3 44. f3 Ke6 45. e4
Nc4 46. Kf2 Kf6 47. Ke2 Ke6 48. Kd3 Nb6 49. Be3 Nd7 50. Bd4 Nb8 51. f4 Nc6 52.
g4 Ne7 53. Ke3 1-0

[Event "13MCR_F"]
[Site "?"]
[Date "1999.??.??"]
[Round "?"]
[White "Hlavacek, Robert"]
[Black "Milos, Vladislav"]
[Result "1-0"]
[WhiteElo "2250"]
[BlackElo "2270"]
[PlyCount "81"]
[EventDate "1999.??.??"]
[EventType "corr"]
[Source "Chess Mail Ltd"]
[SourceDate "2005.07.27"]

1. d4 Nf6 2. c4 g6 3. Nc3 d5 4. Nf3 c6 5. e3 Bg7 6. Bd3 O-O 7. O-O Bg4 8. h3
Bxf3 9. Qxf3 e6 10. Rd1 Nbd7 11. a3 Rc8 12. b4 Nb6 13. Qe2 Qc7 14. Bb2 Nxc4 15.
Bxc4 dxc4 16. Qxc4 a6 17. Rac1 Rfd8 18. Qb3 Rd7 19. Na4 Rd5 20. Nc5 Nd7 21. Nd3
Rg5 22. Rc2 Rd8 23. Rb1 Qd6 24. Nc5 Nxc5 25. bxc5 Qd5 26. Qxd5 Rgxd5 27. Bc3 e5
28. e4 R5d7 29. dxe5 Rd1+ 30. Rxd1 Rxd1+ 31. Kh2 Bf8 32. Bb2 Rb1 33. Bc1 Rb5
34. Be3 Bg7 35. f4 Rb3 36. Bc1 Bf8 37. f5 Rb5 38. Be3 Ra5 39. Rd2 gxf5 40. exf5
Rxa3 41. Bg5 1-0

[Event "13MCR_F"]
[Site "?"]
[Date "1999.??.??"]
[Round "?"]
[White "Kadlec, Antonin"]
[Black "Hlavacek, Robert"]
[Result "1/2-1/2"]
[WhiteElo "2320"]
[BlackElo "2250"]
[PlyCount "32"]
[EventDate "1999.??.??"]
[EventType "corr"]
[Source "Chess Mail Ltd"]
[SourceDate "2005.07.27"]

1. d4 d5 2. Nf3 e6 3. g3 c5 4. Bg2 Nc6 5. O-O Nf6 6. c4 dxc4 7. Ne5 Bd7 8. Na3
cxd4 9. Naxc4 Bc5 10. Qb3 O-O 11. Bf4 Qc8 12. Rac1 Nd5 13. Nxd7 Qxd7 14. Ne5
Nxe5 15. Bxe5 Rac8 16. Rcd1 Nb6 1/2-1/2

[Event "13MCR_F"]
[Site "?"]
[Date "1999.??.??"]
[Round "?"]
[White "Jerabek, Petr"]
[Black "Vinklarek, Vlastimil"]
[Result "1/2-1/2"]
[WhiteElo "2280"]
[BlackElo "2225"]
[PlyCount "88"]
[EventDate "1999.??.??"]
[EventType "corr"]
[Source "Chess Mail Ltd"]
[SourceDate "2005.07.27"]

1. d4 Nf6 2. c4 e6 3. Nf3 Bb4+ 4. Bd2 Qe7 5. g3 Bxd2+ 6. Qxd2 O-O 7. Bg2 d5 8.
O-O dxc4 9. Na3 Rd8 10. Qc2 Bd7 11. Ne5 Nc6 12. Qxc4 Be8 13. Nxc6 Bxc6 14. Bxc6
bxc6 15. Rfd1 Rab8 16. Qc2 Qb4 17. Nc4 c5 18. a3 Qb5 19. dxc5 Qxc5 20. b4 Qc6
21. Rac1 Ne8 22. Rd2 Rxd2 23. Qxd2 a6 24. Qf4 f6 25. Na5 Qd7 26. Qe4 Rb6 27.
Qa8 Kf8 28. Nb3 Ke7 29. Qf3 Rd6 30. Nc5 Qb5 31. e4 a5 32. e5 fxe5 33. Qg4 axb4
34. axb4 h6 35. Re1 Kf7 36. Qh5+ Kg8 37. Qxe5 Qxb4 38. Nxe6 Qd2 39. Kg2 c6 40.
Nf4 Nf6 41. Qe7 Qd4 42. Qb7 Kh7 43. Qb1+ Kg8 44. Re7 Rd7 1/2-1/2

[Event "13MCR_F"]
[Site "?"]
[Date "1999.??.??"]
[Round "?"]
[White "Jerabek, Petr"]
[Black "Vavrla, Zdenek"]
[Result "1/2-1/2"]
[WhiteElo "2280"]
[BlackElo "2480"]
[PlyCount "104"]
[EventDate "1999.??.??"]
[EventType "corr"]
[Source "Chess Mail Ltd"]
[SourceDate "2005.07.27"]

1. d4 Nf6 2. c4 e6 3. Nf3 b6 4. g3 Ba6 5. Nbd2 c5 6. e4 cxd4 7. e5 Ng4 8. h3
Nh6 9. Bg2 Nc6 10. O-O Nf5 11. Qa4 Bb7 12. a3 Qc7 13. Re1 Be7 14. b4 O-O 15.
Bb2 d6 16. g4 Nh4 17. Nxh4 Bxh4 18. exd6 Qxd6 19. Nf3 Bf6 20. Rad1 Qc7 21. Nxd4
Nxd4 22. Bxd4 Bxg2 23. Kxg2 Qxc4 24. Bxf6 gxf6 25. Qd7 a5 26. Rd4 Qc2 27. Qe7
axb4 28. Rxb4 Qc6+ 29. Ree4 Kg7 30. Rbc4 Qd5 31. Rcd4 Rfe8 32. Qxe8 Qxe4+ 33.
Rxe4 Rxe8 34. Rb4 Ra8 35. a4 Kg6 36. Kg3 f5 37. f3 fxg4 38. hxg4 h5 39. gxh5+
Kxh5 40. Rxb6 Rxa4 41. Rb5+ Kg6 42. f4 f6 43. Rc5 Rd4 44. Ra5 Rd5 45. Ra3 Kf5
46. Kf3 Rb5 47. Rc3 Ra5 48. Rb3 Ra4 49. Rb5+ e5 50. fxe5 fxe5 51. Rb3 Rh4 52.
Ke2 Rh2+ 1/2-1/2

[Event "13MCR_F"]
[Site "?"]
[Date "1999.??.??"]
[Round "?"]
[White "Kadlec, Antonin"]
[Black "Vavrla, Zdenek"]
[Result "1-0"]
[WhiteElo "2320"]
[BlackElo "2480"]
[PlyCount "89"]
[EventDate "1999.??.??"]
[EventType "corr"]
[Source "Chess Mail Ltd"]
[SourceDate "2005.07.27"]

1. d4 Nf6 2. Nf3 e6 3. c4 b6 4. g3 Ba6 5. b3 Bb4+ 6. Bd2 Be7 7. Nc3 d5 8. cxd5
exd5 9. Bg2 O-O 10. O-O Nbd7 11. Ne5 Bb7 12. Nd3 c5 13. Be3 Ne4 14. Rc1 Nxc3
15. Rxc3 Rc8 16. Rc2 Re8 17. dxc5 bxc5 18. Qc1 Bd6 19. Rd1 Qe7 20. Bf4 a6 21.
Bxd6 Qxd6 22. Bh3 d4 23. Qf4 Qe7 24. Rdc1 Rcd8 25. Bxd7 Rxd7 26. Qd2 Qe4 27. f3
Qe3+ 28. Qxe3 dxe3 29. Nxc5 Rde7 30. Nxb7 Rxb7 31. Rc8 Kf8 32. Rxe8+ Kxe8 33.
Rc3 Re7 34. f4 Re6 35. Kg2 Rd6 36. Rxe3+ Kf8 37. Rd3 Rc6 38. Rf3 Rc2 39. a3 Ke7
40. b4 g6 41. Rb3 Kd6 42. a4 Kc6 43. b5+ axb5 44. axb5+ Kb6 45. Re3 1-0